Gli Animali Più Popolari [2024] - Statistics

Statistiche generali
  • Questo quiz è stato fatto 35 volte
  • Il punteggio medio è 5 su 10
Statistiche sulle risposte
Posto Animale % Corretto
1 Cani
97%
2 Gatti
97%
5 Pesci
73%
4 Cavalli
67%
7 Uccelli
55%
9 Leoni
52%
6 Orsi
42%
8 Squali
30%
3 Polli
15%
10 Scimmie
12%
Nessun quiz corrispondente trovato
Distribuzione punteggi
Percentuale di utenti per punteggio
Percentile per numero di risposta
I tuoi punteggi nel tempo
Non hai fatto questo quiz